Oracle 9 cẩm nang quản lý mạng Dành cho các nhân viên quản lý máy chủ mạng

محفوظ في:
التفاصيل البيبلوغرافية
المؤلف الرئيسي: Hoàng Phương
التنسيق: كتاب
اللغة:Undetermined
منشور في: Tp. HCM Trẻ 2000
الموضوعات:
الوسوم: إضافة وسم
لا توجد وسوم, كن أول من يضع وسما على هذه التسجيلة!
Thư viện lưu trữ: Trung tâm Học liệu Trường Đại học Cần Thơ
LEADER 00609nam a2200181Ia 4500
001 CTU_42179
008 210402s9999 xx 000 0 und d
082 |a 005.758 
082 |b Ph561 
100 |a Hoàng Phương 
245 0 |a Oracle 9 cẩm nang quản lý mạng 
245 0 |b Dành cho các nhân viên quản lý máy chủ mạng 
245 0 |c Hoàng Phương 
260 |a Tp. HCM 
260 |b Trẻ 
260 |c 2000 
650 |a database management - computer programs,oracle ( computer programs ),system administration 
980 |a Trung tâm Học liệu Trường Đại học Cần Thơ